ABA Top 250 Points Leaders - Statistics

General Stats
  • This quiz has been taken 8 times
  • The average score is 29 of 250
Answer Stats
Rank Player PTS % Correct
17 Artis Gilmore 9362
83%
5 Julius Erving 11662
83%
131 Moses Malone 2171
83%
2 Dan Issel 12823
67%
44 George Gervin 5887
67%
21 George McGinnis 7919
67%
147 Bernie Williams 1732
50%
42 Charlie Williams 6020
50%
40 Chuck Williams 6140
50%
90 Connie Hawkins 3295
50%
140 Ed Johnson 2039
50%
Fly Williams 665
50%
94 John Williamson 3215
50%
66 Larry Brown 4229
50%
1 Louie Dampier 13726
50%
4 Mel Daniels 11739
50%
156 Mike Barr 1519
50%
145 Neil Johnson 1835
50%
32 Rick Barry 6884
50%
10 Roger Brown 10498
50%
113 Spencer Haywood 2519
50%
9 Stew Johnson 10538
50%
89 Al Smith 3298
33%
107 Billy Cunningham 2684
33%
67 Darnell Hillman 4195
33%
124 Dave Twardzik 2311
33%
43 James Silas 5978
33%
202 John Smith 874
33%
8 Mack Calvin 10620
33%
84 Marvin Barnes 3465
33%
114 Maurice Lucas 2518
33%
189 Mel Peterson 1030
33%
93 Mike Green 3239
33%
199 M.L. Carr 906
33%
137 Sam Smith 2097
33%
119 Simmie Hill 2449
33%
59 Trooper Washington 4499
33%
18 Willie Wise 9110
33%
138 Andy Anderson 2081
17%
115 Art Heyman 2511
17%
157 Arvesta Kelly 1506
17%
37 Bill Melchionni 6230
17%
235 Billy Harris 609
17%
87 Billy Knight 3340
17%
23 Billy Paultz 7667
17%
86 Bird Averitt 3349
17%
118 Bobby Jones 2480
17%
14 Bob Netolicky 9876
17%
33 Bob Verga 6814
17%
73 Bo Lamar 3976
17%
75 Brian Taylor 3804
17%
20 Byron Beck 8353
17%
77 Caldwell Jones 3652
17%
55 Charlie Scott 4800
17%
164 Cliff Hagan 1423
17%
129 Coby Dietrick 2225
17%
120 Collis Jones 2426
17%
149 Dan Anderson 1707
17%
29 Darel Carrier 7011
17%
David Thompson 2158
17%
122 Don Buse 2405
17%
7 Donnie Freeman 11544
17%
38 Doug Moe 6161
17%
56 Fatty Taylor 4797
17%
102 Gary Bradds 2962
17%
150 George Adams 1652
17%
19 George Carter 8680
17%
28 George Thompson 7334
17%
185 Jan van Breda Kolff 1100
17%
26 Jim Eakins 7627
17%
148 Jim McDaniels 1731
17%
11 Jimmy Jones 10465
17%
51 John Brisker 5349
17%
48 Johnny Neumann 5558
17%
72 John Roche 3987
17%
85 Larry Cannon 3428
17%
183 Larry Finch 1106
17%
16 Larry Jones 9651
17%
60 Larry Kenon 4419
17%
82 Lee Davis 3511
17%
237 Len Chappell 606
17%
52 Levern Tart 5316
17%
210 Mark Olberding 795
17%
91 Marv Roberts 3287
17%
100 Merv Jackson 3032
17%
108 Mike Jackson 2683
17%
112 Ollie Taylor 2539
17%
13 Ralph Simpson 9953
17%
161 Ray Scott 1445
17%
22 Red Robbins 7703
17%
27 Rich Jones 7562
17%
88 Rick Mount 3330
17%
3 Ron Boone 12153
17%
187 Ron Thomas 1051
17%
171 Sam Robinson 1223
17%
12 Steve Jones 10258
17%
99 Swen Nater 3037
17%
130 Tony Jackson 2190
17%
50 Warren Davis 5449
17%
Warren Jabali 7666
17%
83 Wendell Ladner 3474
17%
31 Wil Jones 6904
17%
243 Willis Thomas 555
17%
41 Zelmo Beaty 6100
17%
211 Al Cueto 794
0%
174 Al Skinner 1198
0%
182 Al Tucker 1110
0%
54 Art Becker 5160
0%
201 Barry Leibowitz 894
0%
222 Barry Orms 701
0%
193 Barry Parkhill 970
0%
142 Ben Warley 1919
0%
232 Bill Bunting 623
0%
229 Bill Franklin 657
0%
35 Bill Keller 6588
0%
159 Billy McGill 1481
0%
209 Billy Schaeffer 802
0%
Billy Shepherd 968
0%
126 Bob Bedell 2257
0%
242 Bobby Edmonds 580
0%
179 Bobby Lloyd 1127
0%
170 Bobby Rascoe 1228
0%
234 Bobby Wilson 616
0%
62 Bob Warren 4347
0%
225 Bruce Seals 685
0%
205 Bruce Spraggins 852
0%
173 Charles Edge 1201
0%
111 Charlie Beasley 2633
0%
104 Chico Vaughn 2901
0%
203 Chuck Terry 859
0%
15 Cincy Powell 9746
0%
151 Claude Terry 1647
0%
154 Craig Raymond 1603
0%
240 Darrell Elston 596
0%
166 Dave Lattin 1398
0%
39 Dave Robisch 6155
0%
191 David Vaughn 998
0%
244 Dennis Grey 543
0%
226 Dennis Wuycik 684
0%
230 Dewitt Menyard 643
0%
231 Don Carlos 628
0%
64 Don Sidle 4247
0%
136 Ed Manning 2123
0%
248 Errol Palmer 500
0%
196 Ervin Inniger 964
0%
105 Frank Card 2894
0%
6 Freddie Lewis 11660
0%
216 Gary Keller 735
0%
71 Gene Littles 4066
0%
46 Gene Moore 5594
0%
96 George Irvine 3093
0%
153 George Karl 1618
0%
65 George Lehmann 4245
0%
116 George Peeples 2502
0%
81 George Stone 3530
0%
221 George Tinsley 704
0%
53 Gerald Govan 5251
0%
24 Glen Combs 7666
0%
109 Goo Kennedy 2674
0%
47 Goose Ligon 5560
0%
204 Grant Simmons 858
0%
Gus Gerard 2158
0%
238 Guy Manning 604
0%
168 Hank Whitney 1339
0%
169 Henry Logan 1258
0%
61 Ira Harge 4396
0%
98 Jackie Moreland 3046
0%
233 Jay Miller 620
0%
141 Jeff Congdon 1995
0%
215 Jerry Chambers 736
0%
241 Jerry Harkness 589
0%
212 Jerry Pettway 792
0%
186 Jesse Branson 1086
0%
177 Jim Ard 1138
0%
224 Jim Bradley 687
0%
194 Jim Caldwell 968
0%
135 Jim Chones 2157
0%
167 Jim Hadnot 1344
0%
219 Jim Jarvis 728
0%
146 Jimmy O'Brien 1795
0%
180 Jimmy Rayl 1125
0%
49 Joe Caldwell 5492
0%
206 Joe DePre 830
0%
69 Joe Hamilton 4145
0%
214 Joe Hamood 750
0%
246 Joe Kennedy 508
0%
162 John Barnhill 1437
0%
30 John Beasley 6909
0%
190 John Fairchild 1025
0%
172 Johnny Baum 1206
0%
80 Julian Hammond 3547
0%
95 Julius Keye 3161
0%
192 Keith Swagerty 987
0%
213 Kendall Rhine 786
0%
143 Kevin Joyce 1906
0%
223 Kim Hughes 692
0%
176 Larry Bunce 1142
0%
34 Larry Miller 6595
0%
175 Leary Lentz 1179
0%
152 Len Elmore 1621
0%
45 Les Hunter 5693
0%
184 Les Selvage 1103
0%
239 Lloyd Batts 598
0%
79 Lonnie Wright 3590
0%
247 Loyd King 506
0%
68 Manny Leaks 4188
0%
123 Maurice McHartley 2351
0%
200 Mel Bennett 904
0%
Mel Nowell 731
0%
117 Mike Barrett 2500
0%
132 Mike Butler 2158
0%
106 Mike Gale 2831
0%
70 Mike Lewis 4081
0%
208 Mike Pratt 806
0%
139 Ollie Darden 2047
0%
198 Pat McFarland 947
0%
58 Randy Denton 4510
0%
74 Randy Mahaffey 3815
0%
181 Rich Niemann 1117
0%
217 Riney Lochmann 731
0%
57 Ron Franz 4733
0%
128 Ron Perry 2228
0%
Scott English 500
0%
92 Skeeter Swift 3279
0%
127 Skip Thoren 2239
0%
125 Sonny Dove 2284
0%
103 Steve Chubin 2904
0%
250 Steve Green 474
0%
188 Steve Kramer 1048
0%
207 Steve Vacendak 824
0%
78 Ted McClain 3611
0%
165 Ticky Burden 1413
0%
155 Tim Bassett 1543
0%
197 Tom Hoover 961
0%
178 Tommie Bowens 1132
0%
63 Tom Owens 4286
0%
227 Tom Workman 665
0%
110 Travis Grant 2639
0%
245 Wali Jones 532
0%
160 Walt Piatkowski 1465
0%
36 Walt Simon 6414
0%
163 Wayne Chapman 1432
0%
76 Wayne Hightower 3720
0%
236 Wes Bialosuknia 608
0%
158 Will Frazier 1499
0%
121 Willie Long 2418
0%
101 Willie Murrell 2988
0%
220 Willie Porter 722
0%
144 Willie Sojourner 1868
0%
97 Willie Somerset 3084
0%
No matching quizzes found
Score Distribution
Percent of People with Each Score
Percentile by Number Answered
Your Score History
You have not taken this quiz